000 00930cam a2200253 a 4500
001 15092795
005 20160224121945.0
008 071126s2008 enka b 001 0 eng
010 _a 2007048270
020 _a9780415448239 (pbk. : alk. paper)
040 _aDLC
_cDLC
_dDLC
050 0 0 _aP91.3
_b.B37 2006
100 1 _aBarker, Jo,
245 1 0 _aAS media studies :
_bthe essential introduction for AQA /
_cJo Barker & Peter Wall.
260 _aLondon ;
_aNew York :
_bRoutledge,
_c2006.
300 _aix, 203p. :
_bill. (chiefly col.) ;
_c25 cm.
490 0 _aThe Essentials Series
504 _aIncludes bibliographical references (p. 328-331) and index.
650 0 _aMass media.
700 1 _aWall, Peter.
906 _a7
_bcbc
_corignew
_d1
_eecip
_f20
_gy-gencatlg
942 _2lcc
_cBK
999 _c34963
_d34963